Annals of the social sciences: a bibliographical survey, 1401-1918 (Record no. 358439)

000 -LEADER
fixed length control field 00420cam a22001337a 4500
008 - FIXED-LENGTH DATA ELEMENTS--GENERAL INFORMATION
fixed length control field 180718b1957 xxu||||| |||| 00| 0 eng d
082 ## - DEWEY DECIMAL CLASSIFICATION NUMBER
Classification number A2:B An72
245 ## - TITLE STATEMENT
Title Annals of the social sciences: a bibliographical survey, 1401-1918
Statement of responsibility, etc. edited by Hideo Yamada
260 ## - PUBLICATION, DISTRIBUTION, ETC.
Place of publication, distribution, etc. Tokyo
Name of publisher, distributor, etc. Dobunkan
Date of publication, distribution, etc. 1957
300 ## - PHYSICAL DESCRIPTION
Extent -v-
500 ## - GENERAL NOTE
General note Contents: v.1., 1957. 560p.
650 ## - SUBJECT ADDED ENTRY--TOPICAL TERM
Topical term or geographic name entry element Social Science - Bibliography
700 ## - ADDED ENTRY--PERSONAL NAME
Personal name Yamada, Hideo
Holdings
Withdrawn status Lost status Damaged status Not for loan Permanent Location Current Location Date acquired Full call number Barcode Date last seen Price effective from Koha item type
        Indian Institute of Public Administration Indian Institute of Public Administration 1994-01-28 A2:B An72 10596 2018-07-21 2018-07-21 Book

Powered by Koha